00467nam a2200145 a 450000100100000000500170001000800410002704000250006808200140009310000250010724500910013226000570022330000210028070000200030100003628720200930075640.0120112s1954 ag 000 0 spa d aDO-SdBNPbspacBNPHU axxxbG6231 aGoldschmidt, Roberto13aEl fideicomiso (Trust) en el derecho comparado /cRoberto Goldschmidt, Phanor J. Eder. aBuenos Aires, Argentina :bEdiciones Arayú,c1954. a152 p. ;c24 cm.1 aEder, Phanor J.